000 00702nam a22002417a 4500
003 UA-OsUOA
001 29990
007 ta
008 20041102b un ||||| |||| 00| 0 ukr d
100 _aСніжко В.
090 _a572.9(477)
_bС53
942 _cBK
040 _aUA-OsUOA
_bukr
_cUA-OsUOA
_dUA-OsUOA
245 _aІдеологія Терену
_bВибрані праці, друковані на сторінках журналу "Образотворче мистецтво" та альманаху "Артанія"
300 _a176 с.
955 _a0
041 _aukr
080 _a572.9(477)
260 _aКиїв
_c2004
044 _aUA
650 7 _2UDC
999 _c316390
_d316390